| 000 | 00830nam a22002057a 4500 | ||
|---|---|---|---|
| 005 | 20180507130730.0 | ||
| 010 | _a1718EN-30 B-682064-065 | ||
| 020 |
_a9789385288357 _c499.00 |
||
| 035 | _aEN-98688 | ||
| 037 |
_bPragati _adpl |
||
| 037 |
_bDBAD/PUB _aB-682064-065 |
||
| 082 | _a355.0218095417 | ||
| 100 | _aBhonsle, Anubha | ||
| 245 |
_aMother, where's my country : _blooking for light in the darkness of Manipur / _cby Anubha Bhonsle |
||
| 260 |
_aNew Delhi _bSpeaking Tiger _c2016 |
||
| 270 |
_a4381/4 Ansari Road, Daryaganj, _bNew Delhi _e110002 |
||
| 300 |
_axi,250p. _c23cm(Hb) |
||
| 942 |
_2ddc _cEN _h355.0218095417 _mBHO |
||
| 999 |
_c100079 _d100079 |
||